Countries that have the most executions - Statistics

General Stats
  • This quiz has been taken 76 times
  • The average score is 7 of 10
Answer Stats
Executions Country % Correct
1,000+ China
99%
22 United States
94%
251+ Iran
89%
184 Saudi Arabia
85%
100+ Iraq
81%
32+ Egypt
65%
14+ Pakistan
65%
7 Yemen
57%
12+ Somalia
39%
11+ South Sudan
11%
No matching quizzes found
Score Distribution
Percent of People with Each Score
Percentile by Number Answered
Your Score History
You have not taken this quiz